A research tools in natural resource and environmental economics (Record no. 5909)

MARC details
000 -LEADER
fixed length control field 00558 a2200181 4500
001 - CONTROL NUMBER
control field 131429
003 - CONTROL NUMBER IDENTIFIER
control field OSt
005 - DATE AND TIME OF LATEST TRANSACTION
control field 20210913163044.0
008 - FIXED-LENGTH DATA ELEMENTS--GENERAL INFORMATION
fixed length control field
082 ## - DEWEY DECIMAL CLASSIFICATION NUMBER
Classification number 333.7072
Item number B31R
245 1# - TITLE STATEMENT
Title A research tools in natural resource and environmental economics
Statement of responsibility, etc edited by Amitrajeet A. Batabyal and Peter Nijkamp
260 ## - PUBLICATION, DISTRIBUTION, ETC. (IMPRINT)
Place of publication, distribution, etc New jersey
Name of publisher, distributor, etc World Scientific
Date of publication, distribution, etc 2011
300 ## - PHYSICAL DESCRIPTION
Extent 460p.
690 ## - LOCAL SUBJECT ADDED ENTRY--TOPICAL TERM (OCLC, RLIN)
Topical term or geographic name as entry element Environmental economics
700 ## - ADDED ENTRY--PERSONAL NAME
Personal name Batabyal, Amitrajeet A.
Relator term Editor
700 1# - ADDED ENTRY--PERSONAL NAME
Personal name Nijkamp, Peter
Relator term Editor
942 ## - ADDED ENTRY ELEMENTS (KOHA)
Source of classification or shelving scheme Dewey Decimal Classification
Koha item type Books
Holdings
Withdrawn status Lost status Source of classification or shelving scheme Damaged status Not for loan Collection code Home library Current library Date acquired Source of acquisition Cost, normal purchase price Total Checkouts Full call number Barcode Date last seen Date checked out Price effective from Koha item type
    Dewey Decimal Classification     General Text Book Central University Of Rajasthan Central University Of Rajasthan 08/06/2012 ECO 39.00 3 333.7072 B31R 7507 21/11/2024 21/02/2023 02/09/2020 Books